Manifiesto por una democracia radical : (Record no. 194111)

MARC details
000 -LEADER
campo de control de longitud fija 03167nam a2200397 i 4500
001 - NÚMERO DE CONTROL
campo de control 194111
003 - IDENTIFICADOR DE NÚMERO DE CONTROL
campo de control ES-GrU
005 - FECHA Y HORA DE LA ÚLTIMA TRANSACCIÓN
campo de control 20250728043251.0
007 - CAMPO FIJO DE DESCRIPCIÓN FÍSICA--INFORMACIÓN GENERAL
campo de control de longitud fija ta
008 - DATOS DE LONGITUD FIJA--INFORMACIÓN GENERAL
campo de control de longitud fija 240228s2024 sp f 000 0 spa d
017 ## - NÚMERO DE COPYRIGHT O DE DEPÓSITO LEGAL
Número de copyright o de depósito legal B. 338-2024
020 ## - NÚMERO INTERNACIONAL ESTÁNDAR DEL LIBRO
Número Internacional Estándar del Libro 9788423436774
040 ## - FUENTE DE CATALOGACIÓN
Centro catalogador/agencia de origen UGR
Normas de descripción rda
Lengua de catalogación spa
Centro/agencia transcriptor ES-MaACL
080 ## - NÚMERO DE LA CLASIFICACIÓN DECIMAL UNIVERSAL
Número de la Clasificación Decimal Universal 329
080 ## - NÚMERO DE LA CLASIFICACIÓN DECIMAL UNIVERSAL
Número de la Clasificación Decimal Universal 321.7
100 1# - ENTRADA PRINCIPAL--NOMBRE DE PERSONA
Nombre de persona Sevilla, Jordi,
Fechas asociadas al nombre 1956-
9 (RLIN) 235758
Término indicativo de función/relación Autor
245 13 - MENCIÓN DEL TÍTULO
Título Manifiesto por una democracia radical :
Resto del título un análisis del origen de la polarización y una propuesta para superar la antigua dicotomía entre derechas e izquierdas /
Mención de responsabilidad, etc. Jordi Sevilla.
250 ## - MENCION DE EDICION
Mención de edición Primera edición: febrero de 2024
264 #1 - PRODUCCIÓN, PUBLICACIÓN, DISTRIBUCIÓN, FABRICACIÓN Y COPYRIGHT
Producción, publicación, distribución, fabricación y copyright Barcelona :
Nombre del de productor, editor, distribuidor, fabricante Deusto ,
Fecha de producción, publicación, distribución, fabricación o copyright 2024
264 #4 - PRODUCCIÓN, PUBLICACIÓN, DISTRIBUCIÓN, FABRICACIÓN Y COPYRIGHT
Fecha de producción, publicación, distribución, fabricación o copyright ©2024
300 ## - DESCRIPCIÓN FÍSICA
Extensión 361 páginas ;
Dimensiones 23 cm
336 ## - TIPO DE CONTENIDO
Término de tipo de contenido texto
Código de tipo de contenido txt
Fuente rdacontent
337 ## - TIPO DE MEDIO
Nombre/término del tipo de medio sin mediación
Código del tipo de medio n
Fuente rdamedia
338 ## - TIPO DE SOPORTE
Nombre/término del tipo de soporte volumen
Código del tipo de soporte nc
Fuente rdacarrier
520 3# - RESUMEN, ETC.
Sumario, etc. En las dos últimas décadas ha resurgido el conflicto en la política. Fenómenos como la crisis de 2008, la pandemia, el cambio climático o la nueva guerra fría han desmontado la ingenua creencia en el triunfo definitivo de la democracia liberal y la economía de mercado. Todas las promesas optimistas que construían la utopía del nuevo milenio se han venido abajo, hasta el punto de que los jóvenes ya asumen que vivirán peor que sus padres. En este marco de desengaño e indignación ciudadana, el economista y exolítico Jordi Sevilla ha reunido una serie de propuestas de reforma para un tiempo en el que predomina el miedo al futuro y la nostalgia de un pasado inexistente, y en el que la desregulación económica desatada ha dado paso al retorno del Estado. Este libro rastrea el origen del populismo y las políticas identitarias que corroen el presente a través de las brechas sociales que no ha sabido restañar la democracia liberal. Sevilla propone refundar el contrato social y avanzar hacia una nueva concepción de la democracia, la radical o reforzada. Sólo una alternativa política que subsane los errores cometidos y esté preparada para abordar los nuevos desafíos podrá revertir la polarización y la fragmentación social. Manifiesto por una democracia radical plantea una mejora de la calidad democrática que deje atrás los conceptos de izquierda y de derecha del siglo pasado. Pero también aboga por recuperar y aunar lo mejor de las dos grandes ideologías que han construido Occidente, hoy arrinconadas: el liberalismo y la socialdemocracia.
Ampliación de la nota de sumario [Resumen del editor]
650 #7 - PUNTO DE ACCESO ADICIONAL DE MATERIA--TÉRMINO DE MATERIA
Término de materia o nombre geográfico como elemento de entrada Democracia
Fuente del encabezamiento o término embne
9 (RLIN) 11574
650 #0 - PUNTO DE ACCESO ADICIONAL DE MATERIA--TÉRMINO DE MATERIA
Término de materia o nombre geográfico como elemento de entrada Populismo
Fuente del encabezamiento o término EMBUS
9 (RLIN) 235759
650 #4 - PUNTO DE ACCESO ADICIONAL DE MATERIA--TÉRMINO DE MATERIA
Término de materia o nombre geográfico como elemento de entrada Partidos políticos
Fuente del encabezamiento o término EMBUS
9 (RLIN) 15858
852 ## - LOCALIZACIÓN
Ubicación ES-MaACL
Sublocalización o colección R.155090
Ubicación en estantería Depósito J
Número de control de estantería N-9862
Encuadernación Encuadernación rústica con solapas
Donativo/Legado Donación: Jordi Sevilla
itemnumber 201779
Anotaciones manuscritas Dedicatoria autógrafa del autor
903 ## - NOMBRE PERSONAL DE DONANTE
9 235758
a Sevilla, Jordi,
d 1956-
e Donante
942 ## - ELEMENTOS DE ENTRADA SECUNDARIOS (KOHA)
Tipo de ítem Koha Libro impreso
Suprimir en OPAC No
Holdings
Estatus retirado Estado de pérdida Fuente del sistema de clasificación o colocación Estado de daño No para préstamo Colección Biblioteca de origen Biblioteca actual Ubicación en estantería Fecha de adquisición Fuente de adquisición Total de préstamos Signatura topográfica completa Código de barras Visto por última vez Precio de reemplazo Tipo de ítem Koha Nota pública
    Clasificación decimal universal     Libros con dedicatorias Biblioteca del Ateneo de Madrid Biblioteca del Ateneo de Madrid Depósito J 19/04/2024 Donación   N-9862 101226990 19/04/2024 19/04/2024 Libro impreso Dedicatoria autógrafa del autor